| 000 | 00000nam##2200000za#4500 |
| 001 | 9.638268 |
| 003 | CaOODSP |
| 005 | 20240209132623 |
| 007 | cr ||||||||||| |
| 008 | 150407|2005||||xxc|||||o f|0| 0 fre|d |
| 040 | |aCaOODSP|bfre |
| 043 | |an-cn--- |
| 086 | 1 |aAC5-11/2005F-PDF |
| 110 | 2 |aAgence de promotion économique du Canada atlantique. |
| 245 | 10|aAtlantic Growth Network - transformer le rêve en réalité : |h[ressource électronique]|brapport sur les résultats : entrevues auprès des participants à l'Atlantica Growth Network (AGN - le réseau de croissance Atlantica), mars 2005 |
| 260 | |aMoncton - Nouveau-Brunswick : |bAgence de promotion économique du Canada atlantique |cAvril 2005. |
| 300 | |a14p. |
| 500 | |a«L’étude stratégique est commanditée par l’agence de promotion économique du Canada atlantique (APECA) en vertu de la Mesure de recherche stratégique de l’Atlantique, ...» |
| 590 | |a10-15-Supp|b2010-12-10 |
| 691 | 07|aProvinces atlantiques|2gcpds |
| 775 | 08|tAtlantica Growth Network - transforming vision into reality : |w(CaOODSP)9.694087 |
| 856 | 40|ahttp://publications.gc.ca|qPDF|s46 Ko|uhttps://publications.gc.ca/collections/collection_2010/apeca-acoa/AC5-11-2005-fra.pdf |